Prime Ministers of Canada by Picture - Statistics

General Stats
  • This quiz has been taken 76 times
    19 since last reset
  • The average score is 16 of 24
Answer Stats
Picture Hint Answer % Correct
2015-2025 Justin Trudeau
100%
1968-1979 | 1980-1984 Pierre Trudeau
100%
2025-Present Mark Carney
86%
1993-2003 Jean Chrétien
79%
1867-1873 | 1878-1891 John A. Macdonald
79%
1993 Kim Campbell
79%
2006-2015 Stephen Harper
79%
1921-1926 | 1926-1930 | 1935-1948 William Lyon Mackenzie King
79%
1984-1993 Brian Mulroney
71%
1957-1963 John Diefenbaker
71%
1896-1911 Wilfrid Laurier
71%
1979-1980 Joe Clark
64%
2003-2006 Paul Martin
64%
1873-1878 Alexander Mackenzie
57%
1984 John Turner
57%
1948-1957 Louis St. Laurent
57%
1911-1920 Robert Borden
57%
1920-1921 | 1926 Arthur Meighen
50%
1891-1892 John Abbott
50%
1963-1968 Lester B. Pearson
50%
1894-1896 Mackenzie Bowell
50%
1892-1894 John Sparrow David Thompson
43%
1930-1935 R. B. Bennett
43%
1896 Charles Tupper
36%
No matching quizzes found
Score Distribution
Percent of People with Each Score
Percentile by Number Answered
Your Score History
You have not taken this quiz since the last reset